Totta vai tarua? - Maantiede #2 - Statistics

Yleistilastot
  • Tätä visaa on pelattu 910 kertaa
  • Keskiarvotulos 14 / 18
Vastaustilastot
Kysymys Vastaus % Oikein
Sydney on Australian pääkaupunki Tarua
93%
Pariisi on rannikkokaupunki Tarua
90%
Hindi on Intian puhutuin kieli Totta
90%
Suurin osa maailman köyhimmistä valtioista sijaitsee Afrikassa Totta
90%
Jokaisen valtion lippu on suorakulmainen Tarua
88%
Espanjan valuutta on peso Tarua
88%
Yli kaksi kolmasosaa Alankomaiden väestöstä osaa keskustella englanniksi Totta
88%
El Paso sijaitsee Yhdysvaltain ja Meksikon välisellä rajalla Totta
85%
Yhdysvallat tuottaa eniten hiilidioksidipäästöjä maailmassa Tarua
82%
Belgialla on tasan kaksi naapurimaata Tarua
80%
Suurin osa puolalaisista on katolisia Totta
78%
Napoli sijaitsee pohjoisempana kuin Milano Tarua
74%
Japanissa on korkea työttömyysaste muihin valtioihin verrattuna Tarua
73%
Nollameridiaani kulkee Lontoon läpi Totta
69%
Ranska tuottaa suurimman osan sähköstään ydinvoimalla Totta
69%
Florida on Yhdysvaltain eteläisin osavaltio Tarua
56%
Yhdistyneiden kansakuntien päämaja sijaitsee New Yorkissa Totta
54%
Turkki on uskonnollisesti keskimääräistä monimuotoisempi Tarua
44%
Ehtoja vastaavia visoja ei löytynyt
Tulosjakauma
Jokaisen tuloksen saaneiden osuus
Persentiili vastausten määrän mukaan
Tuloshistoriasi
Et ole pelannut tätä visaa